Dedicato a Maurizio Corti : 27 novembre 1958 - 27 novembre 2002 /
Sparad:
| Institutionellt upphov: | |
|---|---|
| Materialtyp: | Bok |
| Språk: | italienska |
| Utgiven: |
Firenze :
Finisterrae,
2003
|
| Taggar: |
Inga taggar, Lägg till första taggen!
|
MARC
| LEADER | 00000nam a22000007i 4500 | ||
|---|---|---|---|
| 001 | IT\ICCU\UBO\3333585 | ||
| 003 | ItRI | ||
| 005 | 20260115232219.0 | ||
| 008 | 071204s2003 it |||||| ||||| |||||c | ||
| 040 | |b ita |c importazione bologna sebina | ||
| 041 | 7 | |a ita |2 ISO-639-2 | |
| 110 | 2 | |a Azione gay e lesbica |0 IT\ICCU\UBOV\212999 |4 aut | |
| 245 | 0 | 0 | |a Dedicato a Maurizio Corti : |b 27 novembre 1958 - 27 novembre 2002 / |c Azione gay e lesbica. |
| 260 | |a Firenze : |b Finisterrae, |c 2003 | ||
| 300 | |a 1 v. : |b in gran parte ill. ; |c 24x24 cm | ||
| 500 | |a Senza paginazione | ||
| 500 | |a Sulla cop.: con il patrocinio del Comune di Firenze. | ||
| 500 | |a novembre, 2003 |9 IT\ICCU\RAV\1373500 | ||
| 772 | 0 | |w IT\ICCU\RAV\1373500 |t Finisterrae | |
| 942 | |2 ddc |c BK |n 0 | ||
| 952 | |0 0 |1 0 |4 0 |6 DOC_306_766000000000000_AZI |7 0 |9 22102 |a BO |b BO |d 2026-01-15 |i 11598 |l 0 |o DOC 306.766 AZI |p BO11598 |r 2026-01-15 23:22:19 |w 2026-01-15 |x [Sebina 7] [1 v.] |y BK |z 1 v. | ||
| 999 | |c 18892 |d 18892 | ||